Mal'čik-rybak iz Galilei

Bibliographic Details
Main Author: Royová, Kristína, 1860-1936 (Author)
Other Authors: German, L. (Translator)
Format: Book
Language:Russian
German
Slovak
PhysicalDescription:77, [2] s. ilustr. 17 cm
Published: Sankt-Peterburg Svet na Vostoke 2007
ISBN:9785938290587
Edition:2-je izd.
Subjects:

MARC

LEADER 00000nam a2200000 a 4500
001 vtls009320324
003 SK-MaSNL
005 20260301024144.0
008 251031s2007 ru a 000 1 rus
015 |a SNBZSA2009-00214 
020 |a 9785938290587  |q (brož.) 
040 |a SNK  |b slo  |c SNK  |e AACR2 
041 1 |a rus  |h ger  |h slo 
072 7 |a 821.162.4-3  |x Slovenská próza  |2 konspekt 
080 |a 821.162.4-3  |2 2001 
080 |a 821.162.4-97  |2 2001 
080 |a 27-29  |2 2001 
100 1 |a Royová, Kristína,  |d 1860-1936  |4 aut  |9 87520 
240 1 0 |a Der Fischerjunge von Galiläa  |l Rusky 
245 1 0 |a Mal'čik-rybak iz Galilei  |c Krisina Roj ; [perevod L. German] 
250 |a 2-je izd. 
260 |a Sankt-Peterburg  |b Svet na Vostoke  |c 2007 
300 |a 77, [2] s.  |b ilustr.  |c 17 cm 
500 |a Prel. z nem. 
500 |a Slov. orig. 
650 0 7 |a biblické príbehy  |2 snkph  |9 1916 
650 0 7 |a didaktické poviedky  |2 snkph  |9 317727 
655 7 |a slovenské poviedky  |2 snkph  |9 70226 
700 1 |a German, L.  |4 trl  |9 317728 
919 |a 978-5-93829-058-7 
958 |a ZS 
958 |a LX 
958 |a UP 
958 |a DB 
958 |a RU 
958 |a NT 
999 |c 570596  |d 572526 
952 |a SNK  |b SNK  |y PREZ  |7 0  |p 17A0598046  |o snkSD 77687  |i snk2008/16757  |8 2  |g 1.66  |0 0  |1 0  |4 0  |d 2008-08-11  |l 0  |r 2025-11-25 00:00:00  |w 2026-02-23